| 000 | 00654nam a2200181 a 4500 | ||
|---|---|---|---|
| 001 | 000030854 | ||
| 005 | 20200930062542.0 | ||
| 008 | 110602s1937 dr 000 0 spa d | ||
| 040 |
_aDO-SdBNP _bspa _cBNPHU |
||
| 082 |
_axxx _bT231r |
||
| 100 | 1 |
_aTavárez, Miguel _957392 |
|
| 245 | 1 | 0 |
_aFrente a la posteridad / _cMiguel Tavárez; prólogo Oscar Delanoy. |
| 260 |
_aCiudad Trujillo, República Dominicana : _bLa Opinión, _c1937. |
||
| 300 |
_a156 p. ; _c18 cm. |
||
| 500 | _aLos pueblos no deben hablar, sino pensar. La tierra no es propiedad del hombre, sino el hombre propiedad de ella. | ||
| 700 | 1 |
_aDelanoy, Oscar _epról. _957393 |
|
| 049 | _aBNPD | ||
| 999 |
_c30346 _d30346 |
||